[Event "Politiken Cup 37th"]
[Site "Helsingor"]
[Date "2015.07.31"]
[Round "8"]
[White "Rydstrom, Tom"]
[Black "Formanek, Edward W"]
[Result "1-0"]
[WhiteElo "2346"]
[BlackElo "2121"]
[PlyCount "103"]
[EventDate "2015.07.25"]
[EventType "swiss"]
[EventRounds "10"]
[EventCountry "DEN"]
[SourceTitle "CBM 167 Extra"]
[Source "ChessBase"]
[SourceDate "2015.09.14"]
[SourceVersion "1"]
[SourceVersionDate "2015.09.14"]
[SourceQuality "1"]

1. e4 e6 2. d4 d5 3. Nc3 Bb4 4. e5 Ne7 5. a3 Bxc3+ 6. bxc3 b6 7. Qg4 Ng6 8. h4 h5 9. Qd1 Ba6 10. Bxa6 Nxa6 11. Bg5 Qd7 12. Ne2 Ne7 13. Nf4 g6 14. Bf6 Rh7 15. Qd3 Qa4 16. Nh3 Ng8 17. Ng5 Nxf6 18. exf6 Rh6 19. Qe3 Rh8 20. 0-0 Kf8 21. Rfe1 Re8 22. Re2 Nb8 23. Qg3 Qd7 24. Rae1 Nc6 25. f4 Qd6 26. Qf3 Qd8 27. f5 gxf5 28. Qg3 Qxf6 29. Qxc7 Nxd4 30. cxd4 Qxd4+ 31. Kf1 Re7 32. Qb8+ Kg7 33. Qg3 Qg4 34. Qe5+ Kg8 35. Re3 Rh6 36. Rg3 Qc4+ 37. Kg1 Rg6 38. Rc3 Qa4 39. Rc8+ Re8 40. Rxe8+ Qxe8 41. Qxd5 Qa4 42. Qd8+ Kg7 43. Rd1 Qxa3 44. Qd4+ Kg8 45. Qe5 Qe7 46. Qb8+ Kg7 47. Rd8 Qc5+ 48. Kh1 Kf6 49. Rd7 Rg7 50. Nxf7 Rxg2 51. Qh8+ Rg7 52. Qd8+ 1-0

[Event "Politiken Cup 37th"]
[Site "Helsingor"]
[Date "2015.07.30"]
[Round "7"]
[White "Formanek, Edward W"]
[Black "Percivaldi, Martin"]
[Result "1/2-1/2"]
[WhiteElo "2121"]
[BlackElo "2310"]
[PlyCount "76"]
[EventDate "2015.07.25"]
[EventType "swiss"]
[EventRounds "10"]
[EventCountry "DEN"]
[SourceTitle "CBM 167 Extra"]
[Source "ChessBase"]
[SourceDate "2015.09.14"]
[SourceVersion "1"]
[SourceVersionDate "2015.09.14"]
[SourceQuality "1"]

1. e4 e5 2. Nf3 Nc6 3. Bb5 Nge7 4. 0-0 g6 5. d4 exd4 6. Nxd4 Bg7 7. c3 0-0 8. Bg5 h6 9. Bh4 Nxd4 10. cxd4 d5 11. exd5 Qd6 12. Nc3 Nf5 13. Bg3 Nxg3 14. hxg3 Qb4 15. Qd2 Qxd4 16. Qxd4 Bxd4 17. Rad1 Bf6 18. d6 cxd6 19. Rxd6 Be5 20. Rd5 Bg7 21. Bd7 b6 22. Bxc8 Rfxc8 23. Rd7 Rc5 24. Re1 Bxc3 25. bxc3 a5 26. Ree7 Rf5 27. g4 Rf6 28. f3 Rc8 29. Rc7 Rd8 30. Kf2 Rd1 31. Re1 Rd5 32. c4 Rd4 33. Re8+ Kg7 34. Ke3 Rd1 35. Kf2 Rc1 36. Re1 Rc3 37. Re3 Rc1 38. Re1 Rc3 1/2-1/2

[Event "Politiken Cup 37th"]
[Site "Helsingor"]
[Date "2015.07.28"]
[Round "5"]
[White "Formanek, Edward W"]
[Black "Carstensen, Jacob"]
[Result "0-1"]
[WhiteElo "2121"]
[BlackElo "2336"]
[PlyCount "80"]
[EventDate "2015.07.25"]
[EventType "swiss"]
[EventRounds "10"]
[EventCountry "DEN"]
[SourceTitle "CBM 167 Extra"]
[Source "ChessBase"]
[SourceDate "2015.09.14"]
[SourceVersion "1"]
[SourceVersionDate "2015.09.14"]
[SourceQuality "1"]

1. e4 c5 2. Nf3 d6 3. d4 Nf6 4. Nc3 cxd4 5. Nxd4 a6 6. Be2 e5 7. Nb3 Be7 8. Be3 Be6 9. 0-0 0-0 10. a4 Nbd7 11. f3 Nb6 12. a5 Nc4 13. Bxc4 Bxc4 14. Rf2 Qc7 15. Na4 Nd7 16. Nb6 Nxb6 17. Bxb6 Qc6 18. Nd2 Be6 19. c4 f5 20. exf5 Rxf5 21. Rc1 Rc8 22. Rc3 Rff8 23. Ne4 Bf5 24. Ng3 Bg6 25. Rd2 h5 26. Nf1 e4 27. fxe4 Rf4 28. b3 Rcf8 29. Rf3 h4 30. Rdf2 Bh5 31. h3 Bxf3 32. gxf3 Bd8 33. Bxd8 Rxd8 34. Ne3 Qc5 35. Qd5+ Rf7 36. Qxc5 dxc5 37. Nd5 Re8 38. Nc3 Re6 39. Nd5 Kf8 40. Kh2 Rxe4 0-1

[Event "Southern California op 35th"]
[Site "San Diego"]
[Date "2013.09.01"]
[Round "3"]
[White "Formanek, Edward W"]
[Black "Sevillano, Enrico"]
[Result "0-1"]
[WhiteElo "2147"]
[BlackElo "2484"]
[PlyCount "74"]
[EventDate "2013.08.31"]
[EventType "swiss"]
[EventRounds "6"]
[EventCountry "USA"]
[SourceTitle "EXT 2024"]
[Source "ChessBase"]
[SourceDate "2023.10.10"]
[SourceVersion "1"]
[SourceVersionDate "2023.10.10"]
[SourceQuality "1"]

1. e4 c5 2. Nf3 Nc6 3. d4 cxd4 4. Nxd4 Nf6 5. Nc3 e5 6. Ndb5 d6 7. Nd5 Nxd5 8. exd5 Ne7 9. c3 Nf5 10. a4 Be7 11. g3 0-0 12. Bg2 Bg5 13. 0-0 Bxc1 14. Qxc1 Bd7 15. Be4 a6 16. Na3 Rc8 17. Nc2 Ne7 18. f4 Rc4 19. Qe3 Rxa4 20. f5 Rxe4 21. Qxe4 Qb6+ 22. Rf2 Bxf5 23. Qb4 Qxb4 24. cxb4 Be4 25. Ne3 Rc8 26. Rd2 f5 27. Rad1 Kf7 28. Kf2 Ng8 29. Ra1 Nf6 30. Ra5 f4 31. Nd1 Ng4+ 32. Ke1 Rc1 33. Ra3 Ne3 34. Rc3 Rb1 35. Rc7+ Kf6 36. Ke2 Nxd1 37. Rxd1 f3+ 0-1

[Event "Las Vegas National op"]
[Site "Las Vegas"]
[Date "2013.06.08"]
[Round "4"]
[White "Formanek, Edward W"]
[Black "Yanayt, Eugene"]
[Result "1-0"]
[WhiteElo "2168"]
[BlackElo "2230"]
[PlyCount "61"]
[EventDate "2013.06.07"]
[EventType "swiss"]
[EventRounds "6"]
[EventCountry "USA"]
[SourceTitle "CBM 154 Extra"]
[Source "ChessBase"]
[SourceDate "2013.06.25"]
[SourceVersion "2"]
[SourceVersionDate "2013.06.25"]
[SourceQuality "1"]

1. e4 c5 2. Nf3 d6 3. d4 cxd4 4. Nxd4 Nf6 5. Nc3 a6 6. Be2 e5 7. Nb3 Be7 8. 0-0 0-0 9. Be3 b6 10. a4 Bb7 11. f3 Nbd7 12. Qd2 Rc8 13. Rfd1 Qc7 14. Bf1 Rfd8 15. Qf2 d5 16. exd5 Nc5 17. Rd2 Bxd5 18. Nxc5 bxc5 19. Bxa6 Rb8 20. Bb5 Be6 21. Rxd8+ Rxd8 22. a5 Rb8 23. a6 Bf8 24. Qe2 Nd7 25. Bc4 Bxc4 26. Qxc4 Ra8 27. b4 Nb6 28. Nd5 Nxc4 29. Nxc7 Ra7 30. Bxc5 Bxc5+ 31. bxc5 1-0

[Event "Vienna op 17th"]
[Site "Vienna"]
[Date "2011.08.18"]
[Round "6"]
[White "Barle, Janez"]
[Black "Formanek, Edward W"]
[Result "1-0"]
[WhiteElo "2410"]
[BlackElo "2225"]
[PlyCount "81"]
[EventDate "2011.08.13"]
[EventType "swiss"]
[EventRounds "9"]
[EventCountry "AUT"]
[SourceTitle "CBM 143 Extra"]
[Source "ChessBase"]
[SourceDate "2011.08.29"]
[SourceVersion "1"]
[SourceVersionDate "2011.08.29"]
[SourceQuality "1"]

1. e4 e6 2. Nf3 d5 3. Nc3 Nf6 4. e5 Nfd7 5. d4 c5 6. dxc5 Nc6 7. Bf4 h6 8. a3 Bxc5 9. Bb5 g5 10. Bg3 a6 11. Bxc6 bxc6 12. h4 g4 13. Nd2 h5 14. Nb3 Bf8 15. f4 c5 16. f5 Qb6 17. fxe6 fxe6 18. Qd3 Bb7 19. Qg6+ Kd8 20. 0-0 Kc7 21. Rf7 Rd8 22. Rd1 d4 23. Ne2 d3 24. Rxd3 c4+ 25. Bf2 Qc6 26. Rg3 Kc8 27. Nbd4 Nxe5 28. Qf6 Qd5 29. Rxb7 Qxb7 30. Qxe5 Rh6 31. Rc3 Bg7 32. Rxc4+ Kd7 33. Qa5 e5 34. Nb3 Ke8 35. Rc7 Qe4 36. Nc3 Qxc2 37. Rxg7 Qxb3 38. Qxe5+ Qe6 39. Qg5 Rd3 40. Rg8+ Kf7 41. Qg7# 1-0

[Event "Las Vegas National op"]
[Site "Las Vegas"]
[Date "2010.06.12"]
[Round "3"]
[White "Khachiyan, Melikset"]
[Black "Formanek, Edward W"]
[Result "1/2-1/2"]
[WhiteElo "2539"]
[BlackElo "2241"]
[PlyCount "53"]
[EventDate "2010.06.11"]
[EventType "swiss"]
[EventRounds "6"]
[EventCountry "USA"]
[SourceTitle "CBM 136 Extra"]
[Source "ChessBase"]
[SourceDate "2010.07.02"]
[SourceVersion "2"]
[SourceVersionDate "2010.07.15"]
[SourceQuality "1"]

1. e4 e5 2. Nf3 Nc6 3. Bc4 Bc5 4. c3 Nf6 5. d4 exd4 6. cxd4 Bb4+ 7. Bd2 Bxd2+ 8. Nbxd2 d5 9. exd5 Nxd5 10. Qb3 Nce7 11. 0-0 0-0 12. Rfe1 c6 13. h3 Qb6 14. Ne4 Qxb3 15. Bxb3 Rd8 16. Rad1 Kf8 17. Ne5 f6 18. Nc4 b6 19. Ne3 Be6 20. Nc3 Nxe3 21. fxe3 Bxb3 22. axb3 Nd5 23. Nxd5 Rxd5 24. Rc1 c5 25. dxc5 bxc5 26. Kf2 Rd3 27. Rxc5 1/2-1/2

[Event "Las Vegas National op"]
[Site "Las Vegas"]
[Date "2010.06.11"]
[Round "2"]
[White "Formanek, Edward W"]
[Black "Kogan, Artur"]
[Result "1-0"]
[WhiteElo "2241"]
[BlackElo "2525"]
[PlyCount "67"]
[EventDate "2010.06.11"]
[EventType "swiss"]
[EventRounds "6"]
[EventCountry "USA"]
[SourceTitle "CBM 136 Extra"]
[Source "ChessBase"]
[SourceDate "2010.07.02"]
[SourceVersion "2"]
[SourceVersionDate "2010.07.15"]
[SourceQuality "1"]

1. d4 Nf6 2. c4 e6 3. Nc3 Bb4 4. Qc2 c5 5. dxc5 0-0 6. Nf3 Na6 7. g3 Nxc5 8. Bg2 Nce4 9. 0-0 Nxc3 10. bxc3 Be7 11. Nd4 Qc7 12. Qd3 a6 13. Nc2 Rd8 14. a4 Rb8 15. a5 d6 16. Be3 Nd7 17. Rfb1 Bf6 18. Ba7 Ra8 19. Bd4 Ne5 20. Bb6 Qxb6 21. Rxb6 Nxd3 22. exd3 Bxc3 23. Ra3 Bd2 24. Bxb7 Bxb7 25. Rxb7 d5 26. c5 e5 27. d4 Rdc8 28. Rf3 f6 29. dxe5 Rxc5 30. Nd4 Bc3 31. Ne6 Rc6 32. Rxg7+ Kh8 33. exf6 Bb2 34. Re7 1-0

[Event "North American op 19th"]
[Site "Las Vegas"]
[Date "2009.12.28"]
[Round "4"]
[White "Formanek, Edward W"]
[Black "Akopian, Robert"]
[Result "1-0"]
[WhiteElo "2240"]
[BlackElo "2105"]
[PlyCount "125"]
[EventDate "2009.12.26"]
[EventType "swiss"]
[EventRounds "7"]
[EventCountry "USA"]
[SourceTitle "CBM 134 Extra"]
[Source "ChessBase"]
[SourceDate "2010.03.03"]
[SourceVersion "1"]
[SourceVersionDate "2010.03.03"]
[SourceQuality "1"]

1. d4 Nf6 2. c4 c5 3. Nf3 cxd4 4. Nxd4 b6 5. Nc3 Bb7 6. Bg5 a6 7. f3 e6 8. e4 d6 9. Be2 Be7 10. Qd2 h6 11. Be3 Qc7 12. 0-0 0-0 13. Rac1 Nbd7 14. Rfe1 Rfe8 15. Bf1 Rac8 16. Bf2 Qb8 17. Nc2 Bd8 18. Bg3 Ne5 19. Ne3 Nh5 20. Bf2 Bc7 21. Qd1 Ng6 22. g3 Nf6 23. Bg2 Bc6 24. Nc2 h5 25. Nd4 Bb7 26. b3 Rcd8 27. Kh1 h4 28. f4 e5 29. Nde2 exf4 30. Nxf4 Nxf4 31. gxf4 h3 32. Bf3 d5 33. cxd5 Bxf4 34. Bxb6 Rc8 35. Bd4 Nd7 36. Bg4 Ne5 37. Rc2 Nxg4 38. Qxg4 Be5 39. Qd1 f5 40. Re3 Bxd4 41. Qxd4 Qf4 42. Rg3 Qf1+ 43. Qg1 Qxg1+ 44. Kxg1 fxe4 45. Re2 Rc7 46. Rxh3 Re5 47. Rhe3 Bxd5 48. Nxd5 Rxd5 49. Rxe4 Rcc5 50. Kf2 a5 51. Rc4 Rb5 52. Ke1 Rh5 53. h4 Rh6 54. Kd2 Rg6 55. Kc2 Rg3 56. Kb2 Kh7 57. Rce4 Rb6 58. Ka3 Rf3 59. Re5 Ra6 60. Ka4 Rf4+ 61. R2e4 Rf2 62. a3 Rf3 63. Rxa5 1-0

[Event "Pacific Coast op 14th"]
[Site "Agoura Hills"]
[Date "2009.07.16"]
[Round "1"]
[White "Liou, Yian"]
[Black "Formanek, Edward W"]
[Result "1-0"]
[WhiteElo "2134"]
[BlackElo "2260"]
[PlyCount "105"]
[EventDate "2009.07.16"]
[EventType "swiss"]
[EventRounds "6"]
[EventCountry "USA"]
[SourceTitle "EXT 2013"]
[Source "ChessBase"]
[SourceDate "2012.11.22"]
[SourceVersion "1"]
[SourceVersionDate "2012.11.22"]
[SourceQuality "1"]

1. e4 e6 2. d4 d5 3. Nd2 Nc6 4. Ngf3 Nf6 5. e5 Nd7 6. c3 f6 7. Bb5 Be7 8. Qe2 0-0 9. 0-0 f5 10. b3 Nb6 11. a4 a5 12. Ba3 Bxa3 13. Rxa3 Bd7 14. Bxc6 Bxc6 15. Ne1 Qe7 16. Ra1 Nd7 17. Nc2 b6 18. Rfc1 Bb7 19. b4 Rfc8 20. Nb3 Ba6 21. b5 Bb7 22. Qe3 c6 23. Na3 c5 24. c4 cxd4 25. Nxd4 Nc5 26. cxd5 Bxd5 27. Nc4 Bxc4 28. Rxc4 Rc7 29. Nc6 Qf7 30. Rd1 Rd7 31. Rxd7 Qxd7 32. Rd4 Qe8 33. f3 h6 34. Qe2 Kh7 35. Qd1 Qg6 36. f4 Qg4 37. Qxg4 fxg4 38. Rc4 Rc8 39. Kf1 h5 40. Ke2 Nb7 41. Nxa5 Rc5 42. Rxc5 Nxc5 43. Nc4 Nxa4 44. Nd6 Nc5 45. Nc8 Na4 46. Nd6 g6 47. Ne4 Kg7 48. Kd2 Nb2 49. Ng5 Nc4+ 50. Ke2 Kf8 51. Nxe6+ Ke7 52. Nd4 Na5 53. Nc6+ 1-0

[Event "Hastings Masters op 83rd"]
[Site "Hastings"]
[Date "2008.01.04"]
[Round "8"]
[White "Formanek, Edward W"]
[Black "Quinn, Joseph R"]
[Result "1-0"]
[WhiteElo "2276"]
[BlackElo "1758"]
[PlyCount "47"]
[EventDate "2007.12.28"]
[EventType "swiss"]
[EventRounds "10"]
[EventCountry "ENG"]
[SourceTitle "CBM 122 Extra"]
[Source "ChessBase"]
[SourceDate "2008.03.04"]
[SourceVersion "1"]
[SourceVersionDate "2008.03.04"]
[SourceQuality "1"]

1. e4 e5 2. Nf3 Nc6 3. Bb5 a6 4. Bxc6 dxc6 5. 0-0 Bd6 6. d4 Bg4 7. dxe5 Bxf3 8. Qxf3 Bxe5 9. Qb3 Rb8 10. Nd2 Nf6 11. Nc4 Qe7 12. Nxe5 Qxe5 13. f3 Qd4+ 14. Be3 Qd7 15. Ba7 Ra8 16. Qxb7 0-0 17. Rfd1 Qe7 18. Bd4 c5 19. Bc3 Rfb8 20. Qc6 Ne8 21. Rd5 Nd6 22. Qxc5 Rb5 23. Qd4 f6 24. Rxb5 1-0

[Event "Hastings Masters op 83rd"]
[Site "Hastings"]
[Date "2007.12.31"]
[Round "4"]
[White "Formanek, Edward W"]
[Black "Andersen, Daniel"]
[Result "1-0"]
[WhiteElo "2276"]
[BlackElo "2013"]
[PlyCount "93"]
[EventDate "2007.12.28"]
[EventType "swiss"]
[EventRounds "10"]
[EventCountry "ENG"]
[SourceTitle "CBM 122 Extra"]
[Source "ChessBase"]
[SourceDate "2008.03.04"]
[SourceVersion "1"]
[SourceVersionDate "2008.03.04"]
[SourceQuality "1"]

1. e4 e6 2. d4 d5 3. Nd2 c5 4. Ngf3 cxd4 5. exd5 Qxd5 6. Bc4 Qd6 7. 0-0 Nf6 8. Nb3 Nc6 9. Nbxd4 Nxd4 10. Nxd4 Bd7 11. c3 Qc7 12. Qe2 Bd6 13. h3 a6 14. Nf5 Bh2+ 15. Kh1 0-0-0 16. Ng3 Bxg3 17. fxg3 Rde8 18. Bf4 e5 19. Bg5 Be6 20. Bxe6+ Rxe6 21. Bxf6 gxf6 22. Qg4 Kb8 23. Qg7 Rhe8 24. Rxf6 Rxf6 25. Qxf6 Re6 26. Qf5 Qe7 27. Qe4 Qg5 28. Rf1 f6 29. g4 Qg6 30. Qxg6 hxg6 31. h4 Kc7 32. h5 gxh5 33. gxh5 Kd6 34. g4 Ke7 35. Kg2 Rd6 36. h6 Rd8 37. g5 Rg8 38. Rf5 fxg5 39. Rxe5+ Kd6 40. Re1 Rh8 41. Rh1 Ke5 42. Kg3 Kf5 43. h7 g4 44. Rh4 Kg6 45. Kxg4 Rxh7 46. Rxh7 Kxh7 47. Kf5 1-0

[Event "Hastings Masters op 83rd"]
[Site "Hastings"]
[Date "2007.12.29"]
[Round "2"]
[White "Formanek, Edward W"]
[Black "Garnett, John S"]
[Result "1/2-1/2"]
[WhiteElo "2276"]
[BlackElo "2032"]
[PlyCount "69"]
[EventDate "2007.12.28"]
[EventType "swiss"]
[EventRounds "10"]
[EventCountry "ENG"]
[SourceTitle "CBM 122 Extra"]
[Source "ChessBase"]
[SourceDate "2008.03.04"]
[SourceVersion "1"]
[SourceVersionDate "2008.03.04"]
[SourceQuality "1"]

1. e4 c5 2. Nf3 Nc6 3. d4 cxd4 4. Nxd4 g6 5. c4 Nf6 6. Nc3 d6 7. Be2 Nxd4 8. Qxd4 Bg7 9. Bg5 0-0 10. Qd2 Be6 11. 0-0 Qa5 12. Rac1 Rfc8 13. b3 a6 14. f3 b5 15. Nd5 Qxd2 16. Bxd2 Nxd5 17. cxd5 Bd7 18. Rxc8+ Rxc8 19. Rc1 Rxc1+ 20. Bxc1 Kf8 21. Be3 e6 22. dxe6 fxe6 23. Kf2 Ke7 24. Bd3 Bf6 25. Bb6 Bc6 26. Ke3 Bb2 27. Bd4 Bxd4+ 28. Kxd4 e5+ 29. Kc3 a5 30. b4 a4 31. a3 g5 32. Kd2 Kf6 33. Ke3 h6 34. Bf1 Bd7 35. Be2 1/2-1/2

[Event "Foxwoods op 09th"]
[Site "Connecticut"]
[Date "2007.04.05"]
[Round "2"]
[White "Formanek, Edward W"]
[Black "Getz, Alec S"]
[Result "1-0"]
[WhiteElo "2259"]
[BlackElo "2166"]
[PlyCount "81"]
[EventDate "2007.04.04"]
[EventType "swiss"]
[EventRounds "9"]
[EventCountry "USA"]
[SourceTitle "CBM 117 Extra"]
[Source "ChessBase"]
[SourceDate "2007.05.09"]
[SourceVersion "1"]
[SourceVersionDate "2007.05.09"]
[SourceQuality "1"]

1. e4 d5 2. exd5 Qxd5 3. Nf3 Nf6 4. d4 c6 5. c4 Qa5+ 6. Nc3 Bg4 7. h3 Bxf3 8. Qxf3 e6 9. Be2 Nbd7 10. 0-0 Bd6 11. a3 0-0 12. c5 Be7 13. Bf4 Rfe8 14. b4 Qd8 15. b5 Nf8 16. bxc6 bxc6 17. Rfd1 Nd5 18. Nxd5 Qxd5 19. Qxd5 exd5 20. Ba6 Ne6 21. Be5 Nd8 22. Re1 Bf8 23. f3 Re7 24. Rab1 h5 25. Kf1 h4 26. a4 Kh7 27. a5 Kg8 28. Rb4 f6 29. Bh2 Rxe1+ 30. Kxe1 Ne6 31. Bb7 Re8 32. Kd2 Nd8 33. Bc7 Be7 34. a6 Rf8 35. Bb8 f5 36. Bxa7 Bg5+ 37. Kd1 Bf4 38. Bc8 Nf7 39. Bb8 Rxc8 40. Bxf4 Kh7 41. Rb8 1-0

[Event "King's Island op"]
[Site "King's Island"]
[Date "2006.11.11"]
[Round "2"]
[White "Formanek, Edward W"]
[Black "Hilton, Jonathan"]
[Result "1/2-1/2"]
[WhiteElo "2251"]
[BlackElo "2163"]
[PlyCount "67"]
[EventDate "2006.11.10"]
[EventType "swiss"]
[EventRounds "5"]
[EventCountry "USA"]
[SourceTitle "CBM 115 Extra"]
[Source "ChessBase"]
[SourceDate "2007.01.10"]
[SourceVersion "1"]
[SourceVersionDate "2007.01.10"]
[SourceQuality "1"]

1. d4 d5 2. c4 e6 3. Nc3 c5 4. cxd5 exd5 5. Nf3 Nf6 6. g3 Nc6 7. Bg2 Be7 8. 0-0 0-0 9. dxc5 Bxc5 10. Na4 Be7 11. Nd4 Re8 12. b3 Bg4 13. Bb2 Qd7 14. f3 Bh3 15. Rc1 Bxg2 16. Kxg2 Rac8 17. Nxc6 Rxc6 18. Rxc6 bxc6 19. Bd4 Qc7 20. Qc2 Nd7 21. Rc1 Rc8 22. Qc3 Bf6 23. Bxf6 Nxf6 24. Nc5 Qe7 25. Rc2 Nd7 26. Nxd7 Qxd7 27. Qd4 Qb7 28. e4 dxe4 29. Qxe4 Qd7 30. Qc4 g6 31. Qc5 h5 32. a3 Qd3 33. Qc3 Rd8 34. Qxd3 1/2-1/2

[Event "King's Island op"]
[Site "King's Island"]
[Date "2006.11.11"]
[Round "3"]
[White "Formanek, Edward W"]
[Black "Smith, Garrett L"]
[Result "1-0"]
[WhiteElo "2251"]
[BlackElo "2074"]
[PlyCount "83"]
[EventDate "2006.11.10"]
[EventType "swiss"]
[EventRounds "5"]
[EventCountry "USA"]
[SourceTitle "CBM 115 Extra"]
[Source "ChessBase"]
[SourceDate "2007.01.10"]
[SourceVersion "1"]
[SourceVersionDate "2007.01.10"]
[SourceQuality "1"]

1. d4 d5 2. c4 Bf5 3. cxd5 Bxb1 4. Qa4+ Qd7 5. Qxd7+ Nxd7 6. Rxb1 Ngf6 7. a3 Nb6 8. f3 Nbxd5 9. e4 Nb6 10. d5 0-0-0 11. Nh3 h6 12. Bf4 Nh5 13. Be3 g6 14. g4 Nf6 15. Bb5 a6 16. Be2 Bg7 17. b3 Nfd7 18. Nf4 g5 19. Nd3 e6 20. dxe6 fxe6 21. Kf2 Bf6 22. a4 Kb8 23. Kg2 Ne5 24. Nxe5 Bxe5 25. h4 Bf4 26. Bxf4 gxf4 27. Rbd1 Kc8 28. Kf2 Nd7 29. Bc4 Rde8 30. b4 e5 31. g5 Nf8 32. g6 Re7 33. h5 Ne6 34. Bxe6+ Rxe6 35. Rd5 c6 36. Rd3 Re7 37. Rhd1 Rg8 38. Rd6 Rgg7 39. Rf6 Rg8 40. Rdd6 Rge8 41. Kg2 Kc7 42. a5 1-0

[Event "King's Island op"]
[Site "King's Island"]
[Date "2006.11.10"]
[Round "1"]
[White "Mc Donald, Jordan"]
[Black "Formanek, Edward W"]
[Result "1/2-1/2"]
[WhiteElo "2018"]
[BlackElo "2251"]
[PlyCount "135"]
[EventDate "2006.11.10"]
[EventType "swiss"]
[EventRounds "5"]
[EventCountry "USA"]
[SourceTitle "CBM 115 Extra"]
[Source "ChessBase"]
[SourceDate "2007.01.10"]
[SourceVersion "1"]
[SourceVersionDate "2007.01.10"]
[SourceQuality "1"]

1. e4 c5 2. Nf3 Nc6 3. d4 cxd4 4. Nxd4 e5 5. Nb5 d6 6. N1c3 a6 7. Na3 Nf6 8. Bg5 b5 9. Bxf6 gxf6 10. Nd5 Bg7 11. c3 0-0 12. Nc2 Ne7 13. Nce3 Nxd5 14. Qxd5 Be6 15. Qd1 Qb6 16. Bd3 Bh6 17. Nd5 Qd8 18. Qh5 Bg7 19. 0-0 Kh8 20. a4 bxa4 21. Rxa4 Rg8 22. Rfa1 Bf8 23. Qf3 Rg6 24. Ne3 a5 25. b4 Rc8 26. bxa5 Rxc3 27. a6 Rxd3 28. a7 Qa8 29. Rb4 Rb3 30. Rxb3 Bxb3 31. Nd5 Bxd5 32. exd5 Be7 33. Qc3 Rg8 34. Qc7 Qxd5 35. g3 Bd8 36. Qb8 Ba5 37. Rc1 Qa8 38. Rb1 Qd5 39. Qxg8+ Kxg8 40. Rb8+ Kg7 41. a8Q Qxa8 42. Rxa8 Bb6 43. Ra6 Bc5 44. Rc6 f5 45. Kf1 Kg6 46. Rc7 Kf6 47. Rc8 e4 48. Ke2 Bd4 49. Re8 Be5 50. Rh8 Kg7 51. Rd8 Kf6 52. f3 exf3+ 53. Kxf3 Ke7 54. Rg8 Kf6 55. h3 h6 56. Rh8 Kg7 57. Rd8 Kf6 58. h4 Ke7 59. Ra8 Kf6 60. Rh8 Kg7 61. Rd8 Kf6 62. g4 fxg4+ 63. Kxg4 Kg6 64. h5+ Kf6 65. Rh8 Kg7 66. Ra8 Kf6 67. Ra6 Ke6 68. Ra8 1/2-1/2

[Event "Chicago op 15th"]
[Site "Chicago"]
[Date "2006.05.27"]
[Round "4"]
[White "Formanek, Edward W"]
[Black "Van de Mortel, Jan"]
[Result "0-1"]
[WhiteElo "2286"]
[BlackElo "2412"]
[PlyCount "48"]
[EventDate "2006.05.25"]
[EventType "swiss"]
[EventRounds "6"]
[EventCountry "USA"]
[SourceTitle "CBM 112 Extra"]
[Source "ChessBase"]
[SourceDate "2006.07.14"]
[SourceVersion "1"]
[SourceVersionDate "2006.07.14"]
[SourceQuality "1"]

1. d4 Nf6 2. c4 g6 3. Nc3 d5 4. Nf3 Bg7 5. Qa4+ Bd7 6. Qb3 dxc4 7. Qxc4 0-0 8. e4 Nc6 9. Bf4 Bg4 10. d5 Nh5 11. Bd2 Na5 12. Qa4 c6 13. Nd1 b6 14. dxc6 Bxf3 15. gxf3 Qd6 16. Rc1 Rfd8 17. Bb4 Qf4 18. Ne3 Bxb2 19. Rc2 Bd4 20. c7 Rdc8 21. Bxa5 Bxe3 22. fxe3 Qxe3+ 23. Be2 bxa5 24. Qxa5 Qf4 0-1

[Event "Philadelphia National op 36th"]
[Site "Philadelphia"]
[Date "2005.11.27"]
[Round "5"]
[White "Formanek, Edward W"]
[Black "Rohde, Michael A"]
[Result "1/2-1/2"]
[WhiteElo "2284"]
[BlackElo "2512"]
[PlyCount "103"]
[EventDate "2005.11.24"]
[EventType "swiss"]
[EventRounds "6"]
[EventCountry "USA"]
[SourceTitle "CBM 109 Extra"]
[Source "ChessBase"]
[SourceDate "2006.01.03"]
[SourceVersion "2"]
[SourceVersionDate "2006.01.03"]
[SourceQuality "1"]

1. d4 Nf6 2. c4 e6 3. Nf3 Bb4+ 4. Bd2 c5 5. Bxb4 cxb4 6. e3 0-0 7. Nbd2 d6 8. Be2 a5 9. a3 Na6 10. 0-0 Re8 11. axb4 Nxb4 12. Nb1 b6 13. Nc3 Bb7 14. Qd2 e5 15. dxe5 dxe5 16. Qxd8 Raxd8 17. Rfd1 Bxf3 18. gxf3 Kf8 19. c5 Rxd1+ 20. Nxd1 bxc5 21. Rxa5 Rc8 22. Nc3 Nbd5 23. Na4 Nd7 24. b4 Nxb4 25. Ra7 Ke8 26. Bb5 Nc6 27. Rxd7 Kxd7 28. Nb6+ Kc7 29. Nxc8 Na5 30. Ne7 c4 31. Ba4 g6 32. Nd5+ Kd6 33. Nf6 Kc5 34. Nxh7 Kb4 35. Bd1 Kc3 36. Nf6 Kb2 37. Ne4 c3 38. Nc5 Kb1 39. Nd3 Nc6 40. Ne1 Kc1 41. Ba4 Nb4 42. Be8 Kd2 43. Kf1 c2 44. Nxc2 Nxc2 45. Bxf7 g5 46. Bg6 Na3 47. Kg2 Nc4 48. Kg3 Ke2 49. Be4 Nd2 50. Kg4 Kxf2 51. Kxg5 Kxe3 52. h4 1/2-1/2

[Event "Philadelphia National op 36th"]
[Site "Philadelphia"]
[Date "2005.11.24"]
[Round "1"]
[White "Formanek, Edward W"]
[Black "Zenyuk, Iryna"]
[Result "1-0"]
[WhiteElo "2284"]
[BlackElo "2188"]
[PlyCount "75"]
[EventDate "2005.11.24"]
[EventType "swiss"]
[EventRounds "6"]
[EventCountry "USA"]
[SourceTitle "CBM 109 Extra"]
[Source "ChessBase"]
[SourceDate "2006.01.03"]
[SourceVersion "2"]
[SourceVersionDate "2006.01.03"]
[SourceQuality "1"]

1. d4 Nf6 2. c4 g6 3. Nc3 Bg7 4. e4 d6 5. Nge2 0-0 6. Ng3 c5 7. d5 Nbd7 8. Be2 h5 9. h3 b5 10. cxb5 h4 11. Nf1 a6 12. Nd2 axb5 13. Bxb5 Ne5 14. f4 Ned7 15. 0-0 Nh5 16. Nf3 Qa5 17. Qd3 Nb6 18. a4 Bf6 19. e5 Bf5 20. Qe3 Bg7 21. Nxh4 Bd7 22. Be2 Qb4 23. g4 dxe5 24. gxh5 exf4 25. Qxf4 Bxh3 26. Rf3 Bg4 27. Rf2 Bxe2 28. Qxb4 cxb4 29. Nxe2 gxh5 30. Nf5 Bf6 31. Nf4 Kh7 32. Nxh5 Nxd5 33. Nxf6+ Nxf6 34. Nxe7 Ng4 35. Rf4 Rae8 36. Rxg4 Rxe7 37. Kf2 Rb8 38. Bf4 1-0

[Event "World op 33rd"]
[Site "Philadelphia"]
[Date "2005.06.29"]
[Round "2"]
[White "Formanek, Edward W"]
[Black "Ivanov, Alexander"]
[Result "0-1"]
[WhiteElo "2304"]
[BlackElo "2563"]
[PlyCount "54"]
[EventDate "2005.06.??"]
[EventType "swiss"]
[EventRounds "9"]
[EventCountry "USA"]
[SourceTitle "EXT 2006"]
[Source "ChessBase"]
[SourceDate "2005.11.24"]
[SourceVersion "1"]
[SourceVersionDate "2005.11.24"]
[SourceQuality "1"]

1. e4 b6 2. d4 Bb7 3. f3 d5 4. e5 c5 5. c3 e6 6. f4 Ne7 7. Nf3 Nf5 8. Be2 h5 9. Na3 cxd4 10. Nxd4 Nxd4 11. cxd4 Bxa3 12. bxa3 g6 13. 0-0 Qd7 14. a4 Ba6 15. Bxa6 Nxa6 16. Ba3 Rc8 17. Rc1 Rc4 18. Rxc4 dxc4 19. Bd6 Nc7 20. Qe2 Nd5 21. Rc1 c3 22. Qc4 f5 23. Kf2 Kf7 24. Qb5 Qxb5 25. axb5 Rc8 26. g3 Rc4 27. Rc2 Rxd4 0-1